Count your chickens be fore they Hatch (Record no. 2510)

MARC details
000 -LEADER
fixed length control field 00439nam a22001697a 4500
005 - DATE AND TIME OF LATEST TRANSACTION
control field 20160613134738.0
008 - FIXED-LENGTH DATA ELEMENTS--GENERAL INFORMATION
fixed length control field 160613b xxu||||| |||| 00| 0 eng d
020 ## - INTERNATIONAL STANDARD BOOK NUMBER
ISBN 81-259-1073-5
041 ## - LANGUAGE CODE
Language code of text/sound track or separate title eng
082 ## - DEWEY DECIMAL CLASSIFICATION NUMBER
Item number 7205
100 ## - MAIN ENTRY--AUTHOR NAME
Personal name Chandhuri, Arindam
245 ## - TITLE STATEMENT
Title Count your chickens be fore they Hatch
260 ## - PUBLICATION, DISTRIBUTION, ETC. (IMPRINT)
Place of publication New Delhi
Name of publisher Vikas Publishing House (P) Ltd.
Year of publication 2001
300 ## - PHYSICAL DESCRIPTION
Number of Pages 192
650 ## - SUBJECT ADDED ENTRY--TOPICAL TERM
Topical Term Management
942 ## - ADDED ENTRY ELEMENTS (KOHA)
Koha item type Books
Holdings
Lost status Damaged status Collection code Home library Current library Shelving location Date acquired Cost, normal purchase price Full call number Accession Number Koha item type
    LIFE SKILL JRU Library JRU Library SHELF-103-H 13/06/2016 365.00 7205 7205 Books
    ENGLISH JRU Library JRU Library SHELF-102-E 13/06/2016 365.00 7205 7206 Books
    ENGLISH JRU Library JRU Library SHELF-102-E 13/06/2016 365.00 7205 7207 Books
    ENGLISH JRU Library JRU Library SHELF-102-E 13/06/2016 365.00 7205 7208 Books
    ENGLISH JRU Library JRU Library SHELF-102-E 13/06/2016 365.00 7205 7209 Books